000 00634nam a2200241 i 4500
001 C2-0329220
003 PPAK
005 20180728130336.0
008 141202s2007 my |||| ||||| | may d
020 _a9789836295996
040 _aPPAK
_beng
_cPPAK
_erda
082 0 4 _a899.233
_223
090 0 0 _a899.233
_bZUL
_dG
100 0 _aZulhara Zakry,
_eauthor
245 1 0 _aAroma hati
264 1 _aKuala Lumpur :
_bDewan Bahasa dan Pustaka ,
_c2007
300 _a334 pages ;
_c18 cm
336 _2rdacontent
_atext
337 _2rdamedia
_aunmediated
338 _2rdacarrier
_avolume
650 1 0 _aMalay fiction.
942 _ddc
_cB
999 _c128476
_d128476